|
|
|
|
| LEADER |
00000nab a2200000 a 4500 |
| 001 |
vtls000326488 |
| 003 |
SK-MaSNL |
| 005 |
20260302225929.0 |
| 008 |
111201c1988 xo 0 slo |
| 015 |
|
|
|a SNBRB19rr/mm-uuuuu
|
| 035 |
|
|
|a CL0326610
|
| 040 |
|
|
|a SNKBUCL
|b slo
|c SNKBUCL
|e AACR2
|
| 041 |
0 |
|
|a slo
|
| 044 |
|
|
|a xo
|c SK
|
| 080 |
|
|
|a 634.84
|2 1981
|
| 100 |
1 |
|
|a Pospíšilová, Dorota,
|d 1930-
|4 aut
|9 194839
|
| 245 |
1 |
0 |
|a Zásady rajonizácie a inovačný proces sortimentu viniča v ČCSR (2)
|c Dorota Pospíšilová, Anton Valachovič
|
| 650 |
0 |
7 |
|a vinič hroznorodý
|2 snkbucl
|9 15944
|
| 655 |
|
7 |
|a články z novín a časopisov
|2 snkbucl
|9 267496
|
| 700 |
1 |
|
|a Valachovič, Anton,
|d 1939-
|4 aut
|9 28082
|
| 773 |
0 |
|
|t Vinohrad
|g Roč. 26, č. 7 (1988), s. 151
|
| 850 |
|
|
|a Slovenská národná knižnica v Martine
|a MTA001
|
| 852 |
|
|
|a SNK
|b KIS3GCP
|
| 958 |
|
|
|a RK
|
| 992 |
|
|
|a RBX
|
| 999 |
|
|
|c 1531399
|d 1533329
|